00383nam a22001337a 4500003000800000005001700008008004100025040003900066082001600105245004000121260003900161300001400200500003500214BD-DhUL20170613130907.0170613s1935 uk ||||| |||| 00| 0 eng d aBD-DhULbBD-DhULcBD-DhULdBD-DhUL a370.58bYEA a: the year book of education 1936 / aLondon :bUniversity press,c1935. a1024 p. : ainclude index and bibliography